Flagi (poziom trudny) - Statystyki

Ogólne statystyki
  • Ten quiz został rozwiązany 88 razy
  • Średni wynik to 14 z 16
Statystyki odpowiedzi
Obrazkowy Odpowiedź % Poprawnych
Jamajka
100%
Barbados
99%
Honduras
97%
Zambia
93%
Palau
92%
Trynidad i Tobago
91%
Botswana
89%
Malediwy
89%
Tonga
86%
Kiribati
84%
Dżibuti
83%
Sierra Leone
83%
Malawi
82%
Salwador
79%
Samoa
78%
Samoa Amerykańskie
39%
Nie znaleziono quizów pasujących do podanych kryteriów
Rozkład punktacji
Procent ludzi z każdym wynikiem
Percentyl według liczby udzielonych odpowiedzi
Twoja historia wyników
Nie rozwiązałeś tego quizu